Regulations (Record no. 121393)

MARC details
000 -LEADER
fixed length control field 01061cam a22001935a 4500
001 - CONTROL NUMBER
control field 121393
008 - FIXED-LENGTH DATA ELEMENTS--GENERAL INFORMATION
fixed length control field 230313s2023 xxk fo 001 0 eng d
041 0# - LANGUAGE CODE
Language code of text/sound track or separate title eng
110 2# - MAIN ENTRY--CORPORATE NAME
Corporate author Royal Institution of Chartered Surveyors
245 00 - TITLE STATEMENT
Title Regulations
Subtitle as approved by Governing Council
Medium [old edition]
260 ## - PUBLICATION INFORMATION
Place of publication London,
Publisher RICS,
Date January 2023
300 ## - PHYSICAL DESCRIPTION
Physical description 86p
490 ## - SERIES TITLE
Series statement RICS Regulation
520 ## - ABSTRACT
Abstract Defines classes of membership, eligibility, procedure for admission, the register of members, obligations of membership, use of designations, fees, conduct, Governing Council and staff, transitional regulations, boards and committees, management board, procedure of General meetings, accounts, procedure for making regulations, engagement with members, diversity
520 ## - ABSTRACT
Abstract Superseded by June 2024 Regulations
651 #4 - SUBJECT ADDED ENTRY--GEOGRAPHIC NAME
Geographic name International
856 41 - ONLINE RESOURCE
Uniform Resource Identifier <a href="https://www.rics.org/profession-standards/knowledge-and-information-services/document-delivery-and-other-kis-fees">https://www.rics.org/profession-standards/knowledge-and-information-services/document-delivery-and-other-kis-fees</a>
Public note email [email protected] to request a copy of this archived item
942 ## - ADDED ENTRY ELEMENTS (KOHA)
Suppress in OPAC Do not suppress in OPAC
Holdings
Lost status Damaged status Not for loan Home library Current library Shelving location Date acquired Total Checkouts Full call number Date last seen Price effective from Koha item type Public note
      Virtual Virtual Online 13/03/2023   SCAN 29/08/2024 13/03/2023 Online material Please contact [email protected] to request a digital copy